¿Qué son los valores?. (Registro nro. 515)

Detalles MARC
000 -LEADER
fixed length control field 00929cam a2200277 a 4500
005 - FECHA ULTIMA MODIFICACION
control field 20240220101858.0
008 - CAMPO DE CONTROL (LIBRO)
fixed length control field 100708s2004||||mx f |||| 00| 0 spa d
020 ## - INTERNATIONAL STANDARD BOOK NUMBER
ISBN 9681656318
041 ## - CODIGO DE IDIOMA
Código de idioma del texto/pista de sonido o título separado spa
092 ## - SIGNATURA TOPOGRAFICA DEWEY LOCAL
número de clasificación 082.1
libristica 26
sección FRO
100 1# - ENTRADA PRINCIPAL--NOMBRE PERSONAL
Nombre personal Frondizi, Risieri.
9 (RLIN) 1043
245 #1 - TITULO PROPIAMENTE DICHO
Título ¿Qué son los valores?.
Subtítulo y Título paralelo Breviario /
Mención de responsabilidad y remanente de la transcripción de la portada Risieri Frondizi.
250 ## - MENCION DE EDICION
Mención de edición 3a ed. 18a reimp.
260 ## - PIE DE IMPRENTA
Lugar de publicación, distribución, etc México:
Nombre de la editorial, distribuidor, etc FCE;
Fecha de publicación 2004.
300 ## - DESCRIPCION FISICA
Extension 236 p.
Dimensiones 17x11 cm.
500 ## - NOTA GENERAL
Nota general Frondizi, R. (2004). ¿Qué son los valores?. Breviario. (3a ed.). Mexico : FCE.
590 ## - NOTAS LOCALES (RLIN)
Nota local Colección Breviarios
653 ## - TÉRMINO INDIZADO - PALABRAS CLAVES
Palabra clave Qué son los valores?
653 ## - TÉRMINO INDIZADO - PALABRAS CLAVES
Palabra clave Problemas fundamentales de la axiología
653 ## - TÉRMINO INDIZADO - PALABRAS CLAVES
Palabra clave Doctrinas subjetivistas
653 ## - TÉRMINO INDIZADO - PALABRAS CLAVES
Palabra clave Scheler y el apriorismo material de los valores
653 ## - TÉRMINO INDIZADO - PALABRAS CLAVES
Palabra clave Crítica al subjetivismo y objetivismo axiológicos
653 ## - TÉRMINO INDIZADO - PALABRAS CLAVES
Palabra clave Valor, estructura y situación
930 ## - NUMERO DE INVENTARIO
Número de inventario 1218
942 ## - ADDED ENTRY ELEMENTS (KOHA)
Source of classification or shelving scheme Dewey Decimal Classification
Item type Libros
Existencias
Estado de retiro Existencia Estado general No para prestamo Ubicación permanente ubicación actual Sala de ubicación Fecha de adquisición Total Checkouts Número de clasificación Código de barras Date last seen Número de ejemplar Price effective from Koha tipo de elemento (item)
        Biblioteca Medicina Biblioteca Medicina Circulación 13/05/2011   082.1 26 FRO 1218 06/11/2014 ej.1 13/05/2011 Libros

UNIVERSIDAD NACIONAL DEL COMAHUE
Biblioteca de la Facultad de Ciencias Médicas
Sede Toschi: Los Arrayanes y Av. Toschi, Cipolletti  - Rio Negro
Sede Los Tordos:  Yrigoyen al 2211, Cipolletti - Rio Negro 

Teléfono: 0299 - 4774707 int 25
Contacto: biblioteca@facimed.uncoma.edu.ar
© 2011 - 2026